<?xml version="1.0" encoding="UTF-8"?>
<record
    xmlns:xsi="http://www.w3.org/2001/XMLSchema-instance"
    xsi:schemaLocation="http://www.loc.gov/MARC21/slim http://www.loc.gov/standards/marcxml/schema/MARC21slim.xsd"
    xmlns="http://www.loc.gov/MARC21/slim">

  <leader>01237nam a2200241Ia 4500</leader>
  <controlfield tag="008">240223s2024    sp            000 0 spa d</controlfield>
  <datafield tag="041" ind1=" " ind2=" ">
    <subfield code="a">spa</subfield>
  </datafield>
  <datafield tag="110" ind1="2" ind2=" ">
    <subfield code="a">CCOO</subfield>
    <subfield code="b">Confederaci&#xF3;n Sindical</subfield>
    <subfield code="b">Secretar&#xED;a de Mujeres, Igualdad y Condiciones de Trabajo</subfield>
    <subfield code="9">1831</subfield>
  </datafield>
  <datafield tag="245" ind1="1" ind2="0">
    <subfield code="a">Gu&#xED;a de buenas pr&#xE1;cticas en la negociaci&#xF3;n, elaboraci&#xF3;n, implementaci&#xF3;n, seguimiento y evaluaci&#xF3;n de Planes de Igualdad en empresas sin representaci&#xF3;n sindical</subfield>
    <subfield code="b">: 2024</subfield>
    <subfield code="c">/ Secretar&#xED;a Confederal de Mujeres, Igualdad y Condiciones de Trabajo de CCOO</subfield>
  </datafield>
  <datafield tag="260" ind1=" " ind2=" ">
    <subfield code="a">[Madrid] :</subfield>
    <subfield code="b">CCOO, Secretar&#xED;a Confederal de Mujeres, Igualdad y Condiciones de Trabajo,</subfield>
    <subfield code="c">2024</subfield>
  </datafield>
  <datafield tag="300" ind1=" " ind2=" ">
    <subfield code="a">94 p.  ;</subfield>
    <subfield code="c">25 cm</subfield>
  </datafield>
  <datafield tag="500" ind1=" " ind2=" ">
    <subfield code="a">Elaborado en el Marco del Proyecto "M&#xE1;s acci&#xF3;n sindical para mejorar la implementaci&#xF3;n de la igualdad en las empresas sin representaci&#xF3;n legal de las personas trabajadoras"</subfield>
  </datafield>
  <datafield tag="650" ind1=" " ind2="0">
    <subfield code="a">MUJERES</subfield>
    <subfield code="9">199</subfield>
  </datafield>
  <datafield tag="650" ind1=" " ind2="0">
    <subfield code="a">IGUALDAD DE GENERO</subfield>
    <subfield code="9">5513</subfield>
  </datafield>
  <datafield tag="650" ind1=" " ind2="0">
    <subfield code="a">IGUALDAD DE DERECHOS</subfield>
    <subfield code="9">1832</subfield>
  </datafield>
  <datafield tag="650" ind1=" " ind2="0">
    <subfield code="a">IGUALDAD DE REMUNERACION</subfield>
    <subfield code="9">402</subfield>
  </datafield>
  <datafield tag="650" ind1=" " ind2="0">
    <subfield code="a">ACTITUD SINDICAL</subfield>
    <subfield code="9">61</subfield>
  </datafield>
  <datafield tag="650" ind1=" " ind2="0">
    <subfield code="a">PLAN DE IGUALDAD</subfield>
    <subfield code="9">9509</subfield>
  </datafield>
  <datafield tag="650" ind1=" " ind2="0">
    <subfield code="a">NEGOCIACION COLECTIVA</subfield>
    <subfield code="9">74</subfield>
  </datafield>
  <datafield tag="650" ind1=" " ind2="0">
    <subfield code="a">GUIA</subfield>
    <subfield code="9">186</subfield>
  </datafield>
  <datafield tag="710" ind1="2" ind2=" ">
    <subfield code="9">37909</subfield>
    <subfield code="a">INSTITUTO DE LAS MUJERES</subfield>
    <subfield code="c">Espa&#xF1;a</subfield>
  </datafield>
  <datafield tag="942" ind1=" " ind2=" ">
    <subfield code="c">MONOGRAFIA</subfield>
    <subfield code="2">ddc</subfield>
  </datafield>
  <datafield tag="999" ind1=" " ind2=" ">
    <subfield code="c">59039</subfield>
    <subfield code="d">59039</subfield>
  </datafield>
  <datafield tag="952" ind1=" " ind2=" ">
    <subfield code="0">0</subfield>
    <subfield code="1">0</subfield>
    <subfield code="2">ddc</subfield>
    <subfield code="4">0</subfield>
    <subfield code="7">0</subfield>
    <subfield code="a">CENDO</subfield>
    <subfield code="b">CENDO</subfield>
    <subfield code="d">2024-02-23</subfield>
    <subfield code="i">067606</subfield>
    <subfield code="l">0</subfield>
    <subfield code="o">CD-17892</subfield>
    <subfield code="p">2024-0309</subfield>
    <subfield code="r">2024-02-23 00:00:00</subfield>
    <subfield code="w">2024-02-23</subfield>
    <subfield code="y">MONOGRAFIA</subfield>
  </datafield>
  <datafield tag="952" ind1=" " ind2=" ">
    <subfield code="0">0</subfield>
    <subfield code="1">0</subfield>
    <subfield code="2">ddc</subfield>
    <subfield code="4">0</subfield>
    <subfield code="7">0</subfield>
    <subfield code="a">CENDO</subfield>
    <subfield code="b">CENDO</subfield>
    <subfield code="d">2024-09-17</subfield>
    <subfield code="i">069016</subfield>
    <subfield code="l">0</subfield>
    <subfield code="p">2024-1577</subfield>
    <subfield code="r">2024-09-17 00:00:00</subfield>
    <subfield code="u">https://docpublicos.ccoo.es/cendoc/069016PlanesIgualdadSinRepresentacion.pdf</subfield>
    <subfield code="w">2024-09-17</subfield>
    <subfield code="y">DOCU_ELEC</subfield>
  </datafield>
</record>
